00259 a2200109 4500001000700000020000600007040001100013100001700024240005200041245004700093362000900140170009 a  cMagnum aIngram, Anne10aThe land of morning calm and other storieslING10aThe land of morning calm and other stories0 a1899